| 000 | 03036cam a22004694i 4500 | ||
|---|---|---|---|
| 003 | PE-LiUPU | ||
| 005 | 20250731173029.0 | ||
| 008 | 170809s2013 miua rb 000 0 eng d | ||
| 035 | _a(Sirsi) a238210 | ||
| 040 |
_aPE-LiUPU _bspa _cPE-LiUPU _erda |
||
| 049 | _aPRUA | ||
| 082 | 0 | 4 |
_a286.7096 _bT6 _220 |
| 111 | 2 |
_aAdventist Mission in Africa Conference _n (3rd : _d 2011 : _c Berrien Springs, Michigan) |
|
| 245 | 1 | 0 |
_aToward a bright future : _beconomic self-reliance in Africa / _cBruce L. Bauer [editor]. |
| 264 | 1 |
_aBerrien Springs, Michigan : _bDepartament of World Mission, Andrews University, _c2013. |
|
| 300 |
_axii, 233 páginas : _bilustraciones ; _c23 centímetros. |
||
| 336 |
_atext _2rdacontent |
||
| 337 |
_aunmediated _2rdamedia |
||
| 338 |
_avolume _2rdacarrier |
||
| 490 | 0 |
_aAndrews University mission studies ; _v12 |
|
| 504 | _aBibliografía : Al final de cada capítulo. | ||
| 505 | 0 | _aA look into the future: what will Africa and the Church look like in 20 years -- A response to A look into the future: what will Africa and the Church look like in 20 years -- The role of educational institutions in improving economic self-reliance -- A response to The role of educational institutions in improving economic self-reliance -- Power structures as a deterrent to economic self-reliance -- A response to Power structures as a deterrent to economic self-reliance -- The impact of micro-finance projects in developing self-reliance -- A response to The impact of micro-finance projects in developing self-reliance -- Does ADRA have a responsibility to the Church? A paradigm shift in Adventist Community Ministries -- A response to Does ADRA have a responsibility to the Church? A paradigm shift in Adventist Community Ministries -- Toward a Seventh-day Adventist theology of economic self-reliance -- A response to Toward a Seventh-day Adventist theology of economic self-reliance -- The impact of African cultures on economic self-reliance -- A response to The impact of African cultures on economic self-reliance -- The causes of ethnic conflicts and their impact on economic self-reliance -- A response to The causes of ethnic conflicts and their impact on economic self-reliance. | |
| 526 | _aSEG42 | ||
| 526 | _aSEG41 | ||
| 526 | _aSEG40 | ||
| 526 | _aSEG39 | ||
| 526 | _aP94 | ||
| 526 | _aP87 | ||
| 526 | _aP86 | ||
| 526 | _aP85 | ||
| 526 | _aP77 | ||
| 526 | _aP76 | ||
| 526 | _aP35 | ||
| 650 | 0 | 4 |
_aAfrica _xReligión |
| 650 | 0 | 4 |
_aÁfrica _xCondiciones sociales |
| 910 |
_ajck _bncf _cncf _d20170808 |
||
| 942 |
_2ddc _cBOOK |
||
| 949 |
_a286.7096 T6 _wDEWEY _c1 _i76701 _lCCODEBUL1 _mBUL _p8.00 _r0 _sY _tBOOK _u2017-08-08 _xTEOLOGIA _PP35 _0COMPRA _o.STAFF. Colección Teología |
||
| 596 | _a1 | ||
| 999 |
_a286.7096 T6 _wDEWEY _c24913 _i76701 _f2021-11-11 _g5 _lCCODEBUL1 _mBUL _p8.00 _r0 _sY _tBOOK _u2017-8-9 _xTEOLOGIA _PP35 _0COMPRA _o.STAFF. Colección Teología _d24913 |
||
| 980 |
_81 _gALBERTO SANCHEZ Responsable de Automatización |
||